Introduction to coding theory (Record no. 2008)

MARC details
000 -LEADER
fixed length control field 00508 a2200181 4500
001 - CONTROL NUMBER
control field 068322
003 - CONTROL NUMBER IDENTIFIER
control field OSt
005 - DATE AND TIME OF LATEST TRANSACTION
control field 20220216100300.0
008 - FIXED-LENGTH DATA ELEMENTS--GENERAL INFORMATION
fixed length control field
082 ## - DEWEY DECIMAL CLASSIFICATION NUMBER
Classification number 003.54
Item number L65I
100 1# - MAIN ENTRY--PERSONAL NAME
Personal name Lint, J.H. van
245 1# - TITLE STATEMENT
Title Introduction to coding theory
Statement of responsibility, etc by J.H. van Lint
250 ## - EDITION STATEMENT
Edition statement 3rd ed.
260 ## - PUBLICATION, DISTRIBUTION, ETC. (IMPRINT)
Place of publication, distribution, etc New York
Name of publisher, distributor, etc Springer
Date of publication, distribution, etc 2008
300 ## - PHYSICAL DESCRIPTION
Extent 227p.
653 ## - INDEX TERM--UNCONTROLLED
Uncontrolled term Coding theory; Geometry, Algebraic; Mathematics; Number theory; Combinatorial analysis
942 ## - ADDED ENTRY ELEMENTS (KOHA)
Source of classification or shelving scheme Dewey Decimal Classification
Koha item type Books
Holdings
Withdrawn status Lost status Source of classification or shelving scheme Damaged status Not for loan Collection code Home library Current library Date acquired Source of acquisition Cost, normal purchase price Full call number Barcode Date last seen Price effective from Koha item type
    Dewey Decimal Classification     General Text Book Central University Of Rajasthan Central University Of Rajasthan 07/03/2012 MTH 695.00 003.54 L65I 2609 21/11/2024 02/09/2020 Books